000 00421pab a2200157 454500
008 180718b1988 xxu||||| |||| 00| 0 eng d
100 _aShaw, Robert
245 _aHumanistic psychology as ideology
_bAn analysis of Maslow's Contradictions
260 _c1988
300 _a51-74
362 _aSummer
650 _aPsychology
700 _aKaren Colimore
773 _aJournal of Humanistic Psychology
909 _a16314
999 _c16314
_d16314